000 00289nam a22001337a 4500
008 170405b xxu||||| |||| 00| 0 eng d
020 _a9780470119266
041 _aeng
080 _26TH
_a 574
100 _a9
101 _aSHM
245 _aENVIRONMENT
_cRAVEN, P.H
942 _2udc
_cBK
999 _c9835
_d9835